Wen xue xin shang de ling hun / (Record no. 12732)

MARC details
000 -LEADER
fixed length control field 00822nam a2200253 a 4500
001 - CONTROL NUMBER
control field c 61000999
003 - CONTROL NUMBER IDENTIFIER
control field DLC
005 - DATE AND TIME OF LATEST TRANSACTION
control field 20260227111033.0
008 - FIXED-LENGTH DATA ELEMENTS--GENERAL INFORMATION
fixed length control field 041112s1960 cc 000 0 chi
010 ## - LIBRARY OF CONGRESS CONTROL NUMBER
LC control number c 61000999
035 ## - SYSTEM CONTROL NUMBER
System control number (CStRLIN)DCLP04-B20286
040 ## - CATALOGING SOURCE
Original cataloging agency DLC
Transcribing agency CLU
Modifying agency OCLCQ
-- OCL
-- PULEA
-- DLC-R
042 ## - AUTHENTICATION CODE
Authentication code lccopycat
050 00 - LIBRARY OF CONGRESS CALL NUMBER
Classification number PN519
Item number .L55
066 ## - CHARACTER SETS PRESENT
Alternate G0 or G1 character set $1
100 1# - MAIN ENTRY--PERSONAL NAME
Linkage 880-01
Personal name Liu, Shuxian.
245 10 - TITLE STATEMENT
Linkage 880-02
Title Wen xue xin shang de ling hun /
Statement of responsibility, etc. Liu Shuxian zhu.
260 ## - PUBLICATION, DISTRIBUTION, ETC.
Linkage 880-03
Place of publication, distribution, etc. Jiulong :
Name of publisher, distributor, etc. Ren sheng chu ban she,
Date of publication, distribution, etc. Minguo 49 [1960]
300 ## - PHYSICAL DESCRIPTION
Extent 250 p.
Dimensions 19 cm.
650 #0 - SUBJECT ADDED ENTRY--TOPICAL TERM
Topical term or geographic name entry element Literature
General subdivision History and criticism.
880 1# - ALTERNATE GRAPHIC REPRESENTATION
Linkage 100-01/$1
a 劉 述先.
880 10 - ALTERNATE GRAPHIC REPRESENTATION
Linkage 245-02/$1
a 文學 欣賞 的 靈魂 /
c 劉 述先 著.
880 ## - ALTERNATE GRAPHIC REPRESENTATION
Linkage 260-03/$1
a 九龍 :
b 人生 出版社,
c 民國49 [1960]

No items available.

Powered by Koha